Famous People Whose Names End with "-man" (Part 2) - Statistics

General Stats
  • This quiz has been taken 175 times
    9 since last reset
  • The average score is 12 of 22
Answer Stats
Life Hint Person % Correct
1968– Played Wolverine Hugh Jackman
89%
1976–2020 Played Black Panther Chadwick Boseman
78%
1971– Played Bilbo Baggins Martin Freeman
78%
1981– Played Padmé Amidala Natalie Portman
78%
1970– Actress in Pulp Fiction and Kill Bill Uma Thurman
78%
1958– Was Sirius Black in Harry Potter Gary Oldman
67%
1952– Dan Conner on Roseanne John Goodman
67%
1955– Killed Lennon Mark David Chapman
67%
1961– Controversial former NBA player nicknamed "the Worm" Dennis Rodman
56%
1955– Australian golfer known as "The Great White Shark" Greg Norman
56%
1969– Michael Bluth on Arrested Development Jason Bateman
56%
1970– Ron Swanson on Parks and Rec Nick Offerman
56%
1967– Actress in Eyes Wide Shut and Moulin Rouge! Nicole Kidman
56%
1968–1994 Friend of Nicole Brown Simpson who was also killed Ron Goldman
56%
1985– CEO of OpenAI Sam Altman
56%
1953– Oingo Boingo frontman who has written many soundtracks Danny Elfman
44%
1968–2010 Child actor in Diff'rent Strokes Gary Coleman
44%
1967–2014 Portrayed Truman Capote in Capote Philip Seymour Hoffman
44%
1950– Played Hellboy Ron Perlman
44%
1958– Wrote Being John Malkovich and Adaptation Charlie Kaufman
22%
1962– Desperate Housewives actress Felicity Huffman
22%
1971– Actor in The Goonies, Stand by Me, and The Lost Boys Corey Feldman
11%
No matching quizzes found
Score Distribution
Percent of People with Each Score
Percentile by Number Answered
Your Score History
You have not taken this quiz since the last reset